Herencia para nuestros hijos : (Registro nro. 5688)
[ vista simple ]
| 000 -CABECERA | |
|---|---|
| Campo de control | 01238cam a2200277 a 4500 |
| 005 - FECHA Y HORA DE LA ULTIMA TRANSACCION | |
| Campo de control | 20160121191900.0 |
| 008 - ELEMENTOS DE LONGITUD FIJA—INFORMACION GENERAL | |
| Campo de control | 030619s2001 ec a 000 0 spa |
| 020 ## - ISBN | |
| ISBN | 9978222723 |
| 040 ## - FUENTE DE CATALOGACIÓN | |
| Agencia catalogadora original | DLC |
| Agencia transcriptora | DLC |
| Agencia Modificadora | CO-BoIAVH |
| 041 ## - IDIOMA | |
| Código de idioma para texto/pista de sonido o título separado | Español |
| 044 ## - PAÍS DE PUBLICACIÓN | |
| País de publicación | Ecuador |
| 082 00 - NUMERO DE CLASIFICACION DECIMAL DEWEY | |
| Número de clasificación | 305.89809866 |
| Número del ítem | A87h |
| 100 1# - ASIENTO PRINCIPAL--NOMBRE PERSONAL | |
| Nombre personal | Ati, Alfredo. |
| 245 10 - MENCION DE TITULO | |
| Título | Herencia para nuestros hijos : |
| Parte restante del título | sistematizacióin del proceso de elaboración del plan de manejo de los recursos naturales del paramo de Atapo Quichalan / |
| Mención de responsabilidad | preparado por Alfredo Ati con la Asociación de Trabajadores Autóonomos "Atapo Quichaláan". |
| 250 ## - MENCION DE EDICION | |
| Mención de edición | 1ra. ed. |
| 260 ## - PUBLICACION, DISTRIBUCION, ETC. (PIE DE IMPRENTA) | |
| Lugar de publicación, distribución, etc. | Quito, Ecuador : |
| Nombre del editor, distribuidor, etc. | Ediciones Abya-Yala, |
| Fecha de publicación, distribución, etc. | 2001. |
| 300 ## - DESCRIPCION FISICA | |
| Extensión | 119 paginas. : |
| Otros detalles físicos | ilustraciones. ; |
| Dimensiones | 21 x 14 cm. |
| 650 #0 - ASIENTO SECUNDARIO DE MATERIA - TERMINO TEMATICO | |
| Término temático o nombre geográfico como elemento de entrada | Indians of South America |
| Subdivisión geográfica | Ecuador |
| -- | Atapo Quichalan |
| Subdivisión general | Social conditions. |
| 650 #0 - ASIENTO SECUNDARIO DE MATERIA - TERMINO TEMATICO | |
| Término temático o nombre geográfico como elemento de entrada | Indígenas en sur america |
| 650 #0 - ASIENTO SECUNDARIO DE MATERIA - TERMINO TEMATICO | |
| Término temático o nombre geográfico como elemento de entrada | Indigenas |
| Subdivisión general | Ecology |
| Subdivisión geográfica | Ecuador |
| -- | Atapo Quichalan. |
| 650 #6 - ASIENTO SECUNDARIO DE MATERIA - TERMINO TEMATICO | |
| Término temático o nombre geográfico como elemento de entrada | Environmental management |
| Subdivisión geográfica | Ecuador |
| -- | Atapo Quichalan. |
| 650 #0 - ASIENTO SECUNDARIO DE MATERIA - TERMINO TEMATICO | |
| Término temático o nombre geográfico como elemento de entrada | Environmental policy |
| Subdivisión geográfica | Ecuador |
| -- | Atapo Quichalan. |
| 650 #0 - ASIENTO SECUNDARIO DE MATERIA - TERMINO TEMATICO | |
| Término temático o nombre geográfico como elemento de entrada | Política de medio ambiente |
| 651 #0 - ASIENTO SECUNDARIO DE MATERIA - NOMBRE GEOGRAFICO | |
| Nombre geográfico | Atapo Quichalan (Ecuador) |
| Subdivisión general | Environmental conditions. |
| 942 ## - ELEMENTOS ADICIONALES (KOHA) | |
| Sistema de clasificación | Dewey Decimal Classification |
| Tipo de ítem | Libro |
| Withdrawn status | Lost status | Sistema de Clasificación | Damaged status | No para préstamo | Colección | Inventariado | Ubicación Permanente | Ubicación actual | Fecha de adquisición | Fuente de Valor | Valor | Total Checkouts | Número topográfico | Inventario / Código de Barras | Date last seen | Ejemplar | Price effective from | Forma de adquisición | Tipo de material |
|---|---|---|---|---|---|---|---|---|---|---|---|---|---|---|---|---|---|---|---|
| Dewey Decimal Classification | General | Inventariado 2017 | Bogotá | Bogotá | 17/07/2007 | Instituto | 39000.00 | LB-305.89809866 A87h | 024751 | 04/12/2012 | Ej.1 | 04/12/2012 | Libro |